| 000 | 00471nam a22001697a 4500 | ||
|---|---|---|---|
| 005 | 20241108122328.0 | ||
| 008 | 241108b |||||||| |||| 00| 0 eng d | ||
| 020 | _a9789780870102 | ||
| 050 |
_aHB501 _b.N6713 NOR |
||
| 100 | _aNorberg Johan | ||
| 245 | _aIn Defense of Global Capitalism | ||
| 260 |
_aNigeria _bAfricannLiberty.org _c2003 |
||
| 300 |
_axix. 252p.; _bill. _c20.5 cm x 14.5 cm |
||
| 500 | _aIncludes Index | ||
| 650 | _2Global Capitalism | ||
| 942 |
_2lcc _cBK _n0 |
||
| 999 |
_c874 _d874 |
||